| 000 | 00621cab a2200241 4500 | ||
|---|---|---|---|
| 001 | X2717 | ||
| 008 | 090401t1989 xxu||||| |||| 00| 0 eng d | ||
| 035 | _a(Sirsi) u25922 | ||
| 041 | _aeng | ||
| 100 | _aBurton, T. | ||
| 245 | _aNew houses and structure plan monitoring : Surrey County Council `s new house sales survey | ||
| 260 | _c1989 | ||
| 350 | _a0 | ||
| 490 |
_aThe Planner _v75(1) January 1989, 14-17(4) |
||
| 650 | _aDEMAND | ||
| 650 | _aHOUSING POLICY | ||
| 650 | _aHOUSING | ||
| 650 | _aMARKET | ||
| 650 | _aRESEARCH | ||
| 690 | _aPLANNING LAW AND PRACTICE | ||
| 942 | _n0 | ||
| 948 | _c04/03/1997 | ||
| 999 |
_c17414 _d17414 |
||